000 00353 a2200169 4500
001 69992
020 _a8526249991
040 _cAnchieta - Itaigara
100 _aMelville, Herman
240 1 0 _aMoby Dick
_lpor
245 1 0 _aMoby Dick
300 _a48
362 0 _a2003
440 1 _aScipione
650 4 _aLiteratura infanto-juvenil
942 _cBK
999 _c69992
_d69992